000 01254nam a2200241Ia 4500
999 _c53051
_d53051
001 20088
003 GE_BSU
005 20250424171430.0
008 181216s1999||||ge |||||||||||||| ||geo||
020 _a9992848049
040 _cGE_BSU
041 _ageo
080 _a57 დ-43
100 _aდიასამიძე, ანზორ
_91109
245 _aმემკვიდრეობისა და ცვალებადობის ბალანსის ბიოლოგიური რეგულაცია და ევოლუციური მნიშვნელობა /
_cანზორ დიასამიძე ; რედ. : რ. ზოსიძე.
264 _aბათუმი :
_bბათუმის უნივერსიტეტი,
_c1999.
300 _a128 გვ. ;
_c21 სმ.
541 _h5 ლ.
653 _aბიოლოგია
653 _aმემკვიდრეობისა და ცვალებადობის ბალანსის ბიოლოგიური რეგულაცია და ევოლუციური მნიშვნელობა
700 _aზოსიძე, რ.
_eრედაქტორი
_910683
942 _cBK
_2udc